| 000 | 00348nam a22001457a 4500 | ||
|---|---|---|---|
| 999 |
_c8008 _d8008 |
||
| 003 | OSt | ||
| 005 | 20200617122259.0 | ||
| 008 | 200617b ||||| |||| 00| 0 eng d | ||
| 020 | _a9781935935803 | ||
| 082 | _a720.959 | ||
| 110 | _aSorg Architects | ||
| 245 | _aUnited States Consulate, Surabaya, Indonesia | ||
| 260 |
_aUS _bORO _c2013 |
||
| 942 | _2ddc | ||